Környezetismereti munkafüzet az alapiskola 2. osztálya számára

Bibliographic Details
Main Authors: Stanko, Ján (Author), Stanková, Anna (Author)
Other Authors: Weiss, Eduard (Illustrator), Dudás, Anna (autorka učebníc) (Translator)
Format: Book
Language:Hungarian
PhysicalDescription:23 s. ilustr. 29 cm
Published: Košice Východoslovenské vydavateľstvo 2003
ISBN:8089020151
Edition:10. kiad.
Subjects:

MARC

LEADER 00000nam a2200000 a 4500
001 vtls001467089
003 SK-MaSNL
005 20260301014520.0
008 240314s2003 xo a hun
015 |a SNBA2004/08-04925 
020 |a 8089020151 
035 |a SNK000422394 
035 |a urn:nbn:sk:snk-amybbr 
035 |a urn:nbn:sk:snk-am00c8k9 
035 |a 9DD8E8F2-6D30-4541-86AB-C826C8750F08 
040 |a SNK  |b slo  |c SNK  |e AACR2 
041 0 |a hun 
044 |a xo  |c SK 
072 7 |a 373.2/.3  |x Predškolská a primárna výchova a vzdelávanie  |2 konspekt 
080 |a 37.016:001.101-028.31  |2 1981 
080 |a (075.2)  |2 1981 
080 |a (076.1)  |2 1981 
080 |a (041)  |2 1981 
100 1 |a Stanko, Ján  |4 aut  |9 8242 
245 1 0 |a Környezetismereti munkafüzet az alapiskola 2. osztálya számára  |c Ján Stanko, Anna Stanková ; [fordította Dudás Anna ; illusztrációk Eduard Weiss] 
250 |a 10. kiad. 
260 |a Košice  |b Východoslovenské vydavateľstvo  |c 2003 
300 |a 23 s.  |b ilustr.  |c 29 cm 
500 |a Názov z obalu 
650 0 7 |a prvouka  |2 SNKPH  |9 3651 
655 7 |a učebnice základných škôl  |2 SNKPH  |9 70187 
655 7 |a pracovné zošity  |2 SNKPH  |9 70188 
655 7 |a brožúry  |2 SNKPH  |9 70146 
700 1 |a Stanková, Anna  |4 aut  |9 46948 
700 1 |a Weiss, Eduard  |4 ill  |9 47735 
700 1 |a Dudás, Anna  |c (autorka učebníc)  |4 trl  |9 43497 
919 |a 80-89020-15-1 
958 |a OND 
968 |d 37 
999 |c 558679  |d 560609 
952 |t P60, <03>, [BOOK], {603}  |a SNK  |b SNK  |y PREZ  |7 0  |p 17A0412078  |o snkSB 67960  |i snkKSP 1312/2004  |0 0  |1 0  |4 0  |d 2004-01-30  |f 1  |l 0  |r 2025-04-16 00:00:00  |w 2026-02-23 
952 |t P60, <04>, [BOOK], {604}  |a SNK  |b SNK  |y VYP  |7 0  |p 17A0412079  |o snkSB 67960 D1  |i snkKSP 1313/2004  |0 0  |1 0  |4 0  |d 2004-01-30  |l 0  |r 2005-01-02 00:00:00  |w 2026-02-23